| 000 | 00725nam a2200229 a 4500 | ||
|---|---|---|---|
| 001 | 3807 | ||
| 003 | CDMR | ||
| 005 | 20131205131713.0 | ||
| 008 | 130130s1977||||||||||||||||||||||||||||d | ||
| 040 |
_aCDMR _bcat _cCDMR |
||
| 100 | 1 |
_aChomsky, Noam _91756 |
|
| 245 | 1 | 0 |
_a¿ Chomsky o Skinner ? _b: la génesis del lenguaje _cN. Chomsky i K. MacCorquodale i D. Premack...[et al.] |
| 260 |
_aBarcelona _c1977 _bFontanella |
||
| 300 |
_a232 p ; _c18 cm |
||
| 490 | 0 |
_aBreviarios de Conducta Humana _v4 |
|
| 600 | 1 |
_91756 _aChomsky, Noam |
|
| 600 | 1 |
_94465 _aSkinner, B.F. |
|
| 650 | 0 | 4 |
_92367 _aComunicació _xAspectes psicològics |
| 650 | 0 | 4 |
_94377 _aLlenguatge i llengües |
| 700 | 1 |
_aBayés, Ramón _epr. _92692 |
|
| 942 |
_cMON _2udc |
||
| 999 |
_c3807 _d3807 |
||